000 00747nam a22002177a 4500
005 20130618121837.0
010 _aENG-107362
020 _a9788120346857
_c325.00
035 _aEN-90895
037 _bDBAD/PUB
082 _a515.352
100 _aCoddington, Earl A.
245 _aLinear ordinary differential equations /
_cby Earl A. Coddington [and] Robert Carlson
260 _aNew Delhi
_bPHI Learning
_c2013
270 _aRimjhim House, 111, Patparganj Industrial Estate
_bDelhi
_e110092
300 _axii,341p. :
_c24cm(pbk)
_bill.
500 _aIncludes bibliographical references (p. 333-334) and index.
650 _aDifferential equations.
700 _aCarlson, Robert
_d1951-
942 _2ddc
_cEN
_mCOD
_h515.352
999 _c76311
_d76311